| 000 | 00788cam a22002771 4500 | ||
|---|---|---|---|
| 001 | 7543457 | ||
| 003 | ARRUPE | ||
| 005 | 20221121110225.0 | ||
| 008 | 720810s1966 nyu 100 0 eng | ||
| 010 | _a 67015049 | ||
| 015 | _aGB67-23930 | ||
| 028 | _bArrupe | ||
| 035 | _a(OCoLC)377368 | ||
| 040 |
_aDLC _cODaWU _dOCoLC _dUk _dDLC |
||
| 042 | _apremarc | ||
| 050 | 0 | 0 |
_aBM601 _b.C63 |
| 082 | _a296.3 | ||
| 130 | 0 |
_aCommentary. _951875 |
|
| 245 | 1 | 4 |
_aThe condition of Jewish belief; _ba symposium, _ccompiled by the editors of Commentary magazine. |
| 260 |
_aNew York, _bMacmillan _c[c1966] |
||
| 300 |
_a280 p. _c21 cm. |
||
| 650 | 0 |
_aJudaism _xDoctrines. _92659 |
|
| 650 | 0 |
_aJudaism. _97715 |
|
| 906 |
_a7 _bcbc _coclcrpl _du _encip _f19 _gy-gencatlg |
||
| 942 |
_2lcc _cMONOGRAPH |
||
| 999 |
_c131544 _d131544 |
||